000 00272nam a2200109Ia 4500
008 220204s9999 xx 000 0 und d
082 _a075
_bKAM
100 _aKampmann, Lother
245 0 _aCreating with colored ink
260 _aNew York
_bVan Nostrand
_c1968
942 _cBK
999 _c32085
_d32085